Normal view
MARC view
- Usher N
Entry Personal Name
001 - CONTROL NUMBER
- control field: 215427
003 - CONTROL NUMBER IDENTIFIER
- control field: OSt
005 - DATE AND TIME OF LATEST TRANSACTION
- control field: 20251121235329.0
008 - FIXED-LENGTH DATA ELEMENTS
- fixed length control field: 251121|| aca||aabn | a|a d
040 ## - CATALOGING SOURCE
- Original cataloging agency: OSt
- Transcribing agency: OSt
100 ## - HEADING--PERSONAL NAME
- Personal name: Usher N
670 ## - SOURCE DATA FOUND
- Source citation: Work cat.: (OSt)96600: Usher N, The Elemental Workplace, 2018